| 000 | 01341nam a22002657a 4500 | ||
|---|---|---|---|
| 001 | 44404 | ||
| 003 | BD-RjUL | ||
| 005 | 20250305144240.0 | ||
| 008 | 160717s1958 bg ||||| b||| 00| 0 ben d | ||
| 020 | _c: IRs. 12.00 | ||
| 035 | _a(BD-RjUL)44522 | ||
| 040 |
_aBD-RjUL _bben _cBD-RjUL |
||
| 041 | _aben | ||
| 082 |
_223 _a398.2095492 _bMOY 1958 |
||
| 245 | 0 | 0 |
_aমৈমনসিংহ গীতিকা : _b[রামতনু লাহিড়ী রিসার্চ ফেলোশিপ বক্তৃতা ১৩২২-২৪] / _cদীনেশচন্দ্র সেন কর্তৃক সংকলিত |
| 250 | _a৩য় সং. | ||
| 260 |
_aকলিকাতা : _bশিবেন্দ্রনাথ কাঞ্জিলাল, _c১৯৫৮ |
||
| 300 |
_a খণ্ড ; _c২১ সেমি. |
||
| 504 | _aগ্রন্থপঞ্জি সম্বলিত | ||
| 505 | 1 | _aখণ্ড ১, ২য় সংখ্যা, পূর্ব্ববঙ্গগীতিকা -- | |
| 650 |
_aলোকসাহিত্য _9127726 _vইতিহাস _zবাংলাদেশ _zময়মনসিংহ |
||
| 650 |
_aFolk Literature _9127727 _vHistory _zBangladesh _zMymensingh |
||
| 700 |
_a সেন, দীনেশচন্দ্র, সঙ্কলক _915138 |
||
| 942 |
_2ddc _cBK |
||
| 999 |
_c44404 _d44404 |
||